000 00994nam a2200253Ia 4500
003 IN-BaIIA
008 211028s9999 xx 000 0 eng d
020 _a0-521-80998-3
040 _cIIA Library
080 _a524(082.2)
_bTRU
111 _aCanary Islands Winter School Astrophysics
_cTenerife, Spain
_d2000 Nov. 13-24
_926036
245 0 _aAstrophysical spectropolarimetry
_bproceedings of XII Canary Islands winter school astrophysics, Tenerife, Spain, Novomber 13-24, 2000
_cedited by J. Trujillo, F. Moreno-Insertis and F. S. Martinez
260 _aCambridge
_bCambridge University Press
_c2002
300 _axiv, 354p.
650 _aAccretion Disks
_98621
650 _aActive GAlactic Nuclei
_96209
650 _aPhysics Polarization
_926037
650 _aSolar and STellar MAgnetic fields
_926038
650 _aSpectropolarimetry
_926039
700 _aMartinez, F.S., ed.
_926040
700 _aMoreno-Insertis, F., ed.
_926041
700 _aTrujillo, J., ed.
_926042
942 _cBK
999 _c14621
_d14621